HX3 la plombe - Statistiques

Statistiques générales
  • Ce quiz a été pris 33 fois
  • Le résultat moyen est 34 sur 52
Statistiques - réponses
Réponse % Correct
Thomas Boucas
96%
Pierre Tavella
93%
Bianca Cargnelutti
89%
Maël Cossec
89%
Mathis Abalain
89%
Noémie Gérard
89%
Thaïs Archaud
89%
Théo Royant
89%
Tristan Defer
89%
Constance Esnault
85%
Harizo Ramanantsitonta
85%
Juliette Faroux
85%
Léo Gonnet
85%
Mattéo Sigaud
85%
Romain Théraud
85%
Thibault Anizon
85%
Daphné Marchand
81%
Mijin Park
81%
Nicolas Houzé
81%
Omar Ezzahir
81%
Raphaël Ros
81%
Corentin Pajot
78%
Romane Guittet
78%
Owen Calves
74%
Rémi Veillard
74%
Théo Mamelin
74%
Tilio Marc-Mallet
70%
Yohann Le Couster
70%
Bastien Pivron
67%
Martin Coubard
67%
Alice Léger
63%
Baptiste Lagrange
63%
Emmanuel Couka
63%
Marin Gauduchon
63%
Victor Corvest
63%
Gabin Mercier
59%
Louann Coste
52%
Cécile Talec
48%
Loïc Clarot
48%
Matteo Le Gall
48%
Ulysse Vauloup
48%
Irina Nimerenco
44%
Alexandre Guillet
37%
Baptiste Chassais
37%
Maël Barbier
37%
Dimitri Bergeault
33%
Eléonore Youna
33%
Julie Emery
33%
Ahmed
30%
Florent Le Clerc
30%
Khady Sarah Sall
26%
Tino Kerguillec
22%
Aucun quiz correspondant
Distribution des résultats
% des personnes avec chaque résultat
Percentile par nombre de réponses
Votre historique - résultats
Vous n’avez pas pris ce quiz